| 000 | 01017pam a2200337 i 4500 | ||
|---|---|---|---|
| 999 |
_c352 _d352 |
||
| 001 | 020748886 | ||
| 003 | UkOxU | ||
| 005 | 20190807093548.0 | ||
| 008 | 160906s2017 enk 000|0|eng|d | ||
| 015 |
_aGBB6F0172 _2bnb |
||
| 016 | 7 |
_a018092266 _2Uk |
|
| 020 | _a9780241297131 (pbk.) : | ||
| 035 | _a(Uk)018092266 | ||
| 040 |
_aStDuBDS _beng _erda _cStDuBDS _dUk |
||
| 042 | _aukblcatcopy | ||
| 082 | 0 | 4 |
_a650.144 REE _223 |
| 100 | 1 |
_aReed, James, _d1963- _eauthor. |
|
| 245 | 1 | 0 |
_aWhy you? : _b101 interview questions you'll never fear again / _cJames Reed. |
| 250 | _aRevised edition. | ||
| 264 | 1 |
_aUK : _bPortfolio Penguin, _c2017. |
|
| 300 |
_axii, 289 pages ; _c20 cm |
||
| 336 |
_atext _2rdacontent |
||
| 337 |
_aunmediated _2rdamedia |
||
| 338 |
_avolume _2rdacarrier |
||
| 500 | _aPrevious edition: 2014. | ||
| 500 | _a"Now with 10 extra questions"--Front cover. | ||
| 500 |
_aFormerly CIP. _5Uk |
||
| 650 | 0 | _aEmployment interviewing. | |
| 942 |
_2ddc _cNFIC |
||